[Event "AUT-chT"]
[Site "?"]
[Date "1993.??.??"]
[Round "?"]
[White "Winiwarter, Felix"]
[Black "Pils, Walter"]
[Result "0-1"]
[WhiteElo "2265"]
[BlackElo "2360"]

1.e4 c5 2.Nf3 Nc6 3.Bb5 d6 4.d4 cxd4 5.Qxd4 Bd7 6.Bxc6 Bxc6 7.Nc3 e6 8.Bg5 Nf6
9.O-O-O Be7 10.Rhe1 O-O 11.Kb1 Qc7 12.h3 Rfd8 13.g4 b5 14.Rd3 Rab8 15.Bh4 b4
16.Nd1 Qb7 17.Bxf6 Bxf6 18.Qe3 a5 19.g5 Be7 20.Nd4 d5 21.e5 Bb5 22.Rd2 Qb6
23.f4 Bc5 24.h4 Rdc8 25.h5 Rc7 26.Rh1 Rbc8 27.Rhh2 a4 28.g6 b3 29.gxf7+ Rxf7
30.cxb3 axb3 31.Nc3 bxa2+ 32.Ka1 Rcf8 33.Rhf2 Rf5 34.h6 g6 35.Rd1 Bd7 36.Nce2 Rh5
37.Nc3 Bxd4 38.Qxd4 Qxd4 39.Rxd4 Rxh6 40.Kxa2 Rh3 41.Kb3 Re3 42.Kb4 Rc8 43.Rf1 Kf7
44.Ra1 Rb8+ 45.Kc5 Ke7 46.Rb4 Rxb4 47.Kxb4 Rf3 48.Ne2 Rf2 49.Re1 h5 50.Kc5 h4
51.Kd4 Bb5 52.Nc3 Rxf4+ 53.Kc5 Be8 54.b3 g5 55.Ra1 h3 56.Ne2 Rf3 57.Nd4 Rc3+
58.Kb4 Rd3 59.Kc5 Bd7 60.Ra7 Rc3+ 61.Kb4 Rc8 62.Ra2 g4 63.Rh2 Rc1 64.Ne2 Rc2  0-1

[Event "Avesta op"]
[Site "Avesta"]
[Date "1993.??.??"]
[Round "?"]
[White "Engqvist, Thomas"]
[Black "Barkhagen, Jonas"]
[Result "0-1"]
[WhiteElo "2420"]
[BlackElo "2410"]

1.e4 c5 2.Nf3 Nc6 3.Bb5 g6 4.O-O Bg7 5.Nc3 e5 6.Nd5 Nge7 7.Bxc6 bxc6 8.Ne3 O-O
9.d3 d6 10.Bd2 h6 11.a3 d5 12.c4 Be6 13.b4 d4 14.Nc2 f5 15.bxc5 fxe4 16.dxe4 Bxc4
17.Re1 g5 18.Qc1 Be6 19.a4 Ng6 20.Nxg5 hxg5 21.Bxg5 Qa5 22.Bd2 Qc7 23.Nb4 Qf7
24.f3 Nh4 25.Re2 Rac8 26.a5  0-1

[Event "Balatonbereny op"]
[Site "Balatonbereny"]
[Date "1993.??.??"]
[Round "2"]
[White "Hald, Jens Erik Kofoed"]
[Black "Czebe, Attila"]
[Result "1-0"]
[WhiteElo "2230"]
[BlackElo "2350"]

1.e4 c5 2.Nf3 Nc6 3.Bb5 Qb6 4.Na3 a6 5.Bxc6 Qxc6 6.O-O Nf6 7.d4 Nxe4 8.d5 Qc7
9.Re1 f5 10.Nc4 d6 11.a4 b6 12.Ng5 Nxg5 13.Bxg5 Bb7 14.a5 bxa5 15.Nxa5 O-O-O
16.Qd3 g6 17.Nxb7 Qxb7 18.Rxa6 h6 19.Bd2 Bg7 20.Ba5 Kd7 21.Rb6 Rb8 22.Qb5+ Kc8  1-0

[Event "Balatonbereny op"]
[Site "Balatonbereny"]
[Date "1993.??.??"]
[Round "7"]
[White "Horvath, Adam"]
[Black "Kakuk, Sandor"]
[Result "0-1"]
[WhiteElo "2095"]
[BlackElo "2295"]

1.e4 c5 2.Nf3 Nc6 3.Bb5 e6 4.Bxc6 bxc6 5.e5 f6 6.b3 fxe5 7.Nxe5 Nf6 8.O-O Qc7
9.Bb2 Be7 10.d3 O-O 11.c4 d6 12.Nf3 e5 13.Nbd2 Bg4 14.Qc2 Rae8 15.h3 Bc8
16.a3 a5 17.Bc3 Nh5 18.Rad1 Nf4 19.Rfe1 Rf6 20.Nxe5 Bxh3 21.g3 Qc8 22.Ne4 dxe5
23.Bxe5 Rff8 24.Bxf4 Rxf4 25.Kh2 Rff8 26.b4 Bg4 27.Rb1 cxb4 28.axb4 Bxb4
29.Re3 Bf3 30.c5 Qg4  0-1

[Event "Balatonbereny op"]
[Site "Balatonbereny"]
[Date "1993.??.??"]
[Round "8"]
[White "Tatai, Stefano"]
[Black "Czebe, Attila"]
[Result "1-0"]
[WhiteElo "2440"]
[BlackElo "2350"]

1.e4 c5 2.Nf3 Nc6 3.Bb5 Qb6 4.Nc3 Nd4 5.a4 e6 6.O-O Ne7 7.Nxd4 cxd4 8.Ne2 a6
9.Bc4 d5 10.exd5 exd5 11.Bd3 Qf6 12.c3 Nc6 13.Qb3 Qg5 14.Re1 Be7 15.f4 Qh4
16.Rf1 dxc3 17.bxc3 Bc5+ 18.Kh1 Qd8 19.Ba3 Bxa3 20.Qxa3 Qe7 21.Qb3 O-O 22.f5 Ne5
23.Qc2 Nxd3 24.Qxd3 Qe4 25.Qxe4 dxe4 26.Ng3 Re8 27.Rfe1 Bd7 28.Rxe4 Rxe4
29.Nxe4 Bc6 30.Ng3 Re8 31.Kg1 Re5 32.a5 Rb5 33.Kf2 h5 34.h4 Rb2 35.Ke3 Rb5
36.c4 Rb3+ 37.d3 Rb2 38.Nxh5 Rxg2 39.f6 g6 40.Nf4 Rg3+ 41.Kd4 Rg4 42.Ke5 Rxh4
43.d4 Rh1 44.Rxh1 Bxh1 45.Nh3 Bg2 46.Ng5 Bf1 47.c5 Kf8 48.Kd6 Ke8 49.d5 Bc4
50.c6 bxc6 51.dxc6 Be2 52.Kc7  1-0

[Event "Balatonbereny op"]
[Site "Balatonbereny"]
[Date "1993.??.??"]
[Round "9"]
[White "Csoke, Adrienn"]
[Black "Torok, Jozsef"]
[Result "1/2-1/2"]
[WhiteElo "2235"]
[BlackElo "2290"]

1.e4 c5 2.Nf3 Nc6 3.Bb5 Nd4 4.Nxd4 cxd4 5.c3 dxc3 6.bxc3 Nf6 7.Qe2 e6 8.e5 Nd5
9.Bc4 Qa5 10.Qe4 Be7 11.O-O O-O 12.a4 f5 13.Qd4 d6 14.exd6 Bxd6 15.Bxd5 Qxd5
16.Qxd5 exd5 17.Ba3 Rd8 18.Bxd6 Rxd6 19.Na3 Bd7 20.Nc2 Re8  1/2-1/2

[Event "Balatonfuzfo"]
[Site "Balatonfuzfo"]
[Date "1993.??.??"]
[Round "1"]
[White "Forgacs, Attila"]
[Black "Feher, Gyula"]
[Result "1/2-1/2"]
[WhiteElo "2200"]
[BlackElo "2385"]

1.e4 c5 2.Nf3 Nc6 3.Bb5 e6 4.O-O Nge7 5.c3 a6 6.Ba4 b5 7.Bc2 Bb7 8.Re1 Rc8
9.d4 cxd4 10.cxd4 Nb4 11.Bb3 Rxc1 12.Qxc1 Nd3 13.Qe3 Nxe1 14.Nxe1 Ng6 15.Nc3 Be7
16.Nd3 O-O 17.d5 Qb8 18.a4 b4 19.Ne2 Ne5 20.Rc1 Nxd3 21.Qxd3 Rc8 22.Rc4 h6
23.h3 Rxc4 24.Bxc4 Qd6 25.b3 g6 26.Qd4 exd5 27.Bxd5 Bxd5 28.exd5 Bf6 29.Qe4 Kg7
30.f4 Qc5+ 31.Kh2 h5 32.Kg3 d6 33.Kf3 Bc3 34.g4 hxg4+ 35.hxg4 a5 36.g5 Bb2
37.Kg4 Bc3 38.Kf3 Bb2 39.f5 gxf5 40.Qxf5 Be5 41.Qe4 Qc8 42.Kg2 Qc5  1/2-1/2

[Event "Balkaniad-Boys"]
[Site "?"]
[Date "1993.??.??"]
[Round "6"]
[White "Janev, Evgeni"]
[Black "Ceteras, Marius"]
[Result "1/2-1/2"]
[WhiteElo "2395"]
[BlackElo "2330"]

1.e4 c5 2.Nf3 Nc6 3.Bb5 d6 4.d4 cxd4 5.Qxd4 Bd7 6.Bxc6 Bxc6 7.c4 Nf6 8.Nc3 e6
9.O-O Be7 10.Rd1 O-O 11.Qd3 Qb8 12.Bf4 Rd8 13.Nd4 Nh5 14.Be3 Nf6 15.Rac1 a6
16.f3 Be8 17.Qe2 b6 18.a4 Qb7 19.Qf2 Rab8 20.b3 Rdc8 21.Kh1 Nd7 22.Qg3 Bf8
23.Rb1 Kh8 24.Nde2 Nf6 25.Bg5 Be7 26.Bxf6 gxf6 27.Nd4 Bd7 28.f4 Rg8 29.Qf2 Rg7
30.Rd3 Rbg8 31.Rg3 Rxg3 32.hxg3 Qc7 33.Nf3 Bc8 34.Kh2 Qc5 35.Qxc5 dxc5 36.e5 f5
37.a5 bxa5 38.Rd1 Rd8 39.Rxd8+ Bxd8 40.Ne1 Bd7 41.Nd3 Be7 42.Na4 Bxa4 43.bxa4 Kg7
44.Nc1 Bd8 45.Nb3 Bb6 46.Kh3  1/2-1/2

[Event "Barcelona UGA"]
[Site "Barcelona"]
[Date "1993.??.??"]
[Round "4"]
[White "Rahal, Michael"]
[Black "Pares Vives, Jose"]
[Result "0-1"]
[WhiteElo "2310"]
[BlackElo "2350"]

1.e4 c5 2.Nf3 Nc6 3.Bb5 g6 4.O-O Bg7 5.c3 a6 6.Ba4 Nf6 7.Re1 O-O 8.h3 b5
9.Bc2 d6 10.d4 cxd4 11.cxd4 e5 12.d5 Nb4 13.Bb3 a5 14.a3 Na6 15.Nc3 Bd7 16.Be3 Qb8
17.Bc2 Rc8 18.Nd2 Nh5 19.Bd3 Nc5 20.Bf1 Nf4 21.Bxc5 Rxc5 22.a4 bxa4 23.Nxa4 Rc7
24.Nc4 Rb7 25.Re3 Bf6 26.Rea3 Bd8 27.Qd2 Bc7 28.Kh2 Kg7 29.Nc3 Rb4 30.b3 Qd8
31.Na2 Rb7 32.Nc1 Bb5 33.g3 Nh5 34.Nd3 Nf6 35.Bg2 Bb6 36.Nxb6 Qxb6 37.f4 Qd4
38.fxe5 dxe5 39.Rd1 Nxe4 40.Bxe4 Qxe4 41.Nc5 Qe2+ 42.Qxe2 Bxe2 43.Nxb7 Bxd1
44.d6 Bf3 45.Nxa5 Kf6 46.b4 Bd5 47.d7 Rd8 48.b5 Rxd7 49.Rd3 Ke6 50.b6 Rd6
51.Nb3 Rxb6 52.Nc5+ Kd6 53.Ne4+ Kc6 54.Nf6 Rb2+ 55.Kg1 Rb1+ 56.Kf2 Bc4  0-1

[Event "Barcelona"]
[Site "Barcelona"]
[Date "1993.??.??"]
[Round "7"]
[White "De la Riva Aguado, Oscar"]
[Black "Shevelev, Sergei"]
[Result "1/2-1/2"]
[WhiteElo "2400"]
[BlackElo "2430"]

1.e4 c5 2.Nf3 Nc6 3.Bb5 g6 4.O-O Bg7 5.Re1 e5 6.Bxc6 dxc6 7.a3 Qc7 8.b4 cxb4
9.axb4 Nf6 10.Bb2 Nd7 11.d4 O-O 12.d5 b5 13.c4 bxc4 14.Na3 cxd5 15.exd5 Bb7
16.Rc1 Nb6 17.Bxe5 Bxe5 18.Nxe5 Bxd5 19.Qd4 Be6 20.Nb5 Qb7 21.Nc3 Rad8 22.Qh4 Bf5
23.Ne4 Bxe4 24.Rxe4 c3 25.Ng4 Nd5 26.Rd4 Qe7 27.Qxe7 Nxe7 28.Rc4 Nd5 29.Ne3 Nxe3
30.fxe3 Rd2 31.R1xc3 Rb2 32.Rc2 Rxc2  1/2-1/2

[Event "Barcelona op9394"]
[Site "Barcelona"]
[Date "1993.??.??"]
[Round "7"]
[White "Ridameya, Jose"]
[Black "Bosch, Jeroen"]
[Result "1/2-1/2"]
[WhiteElo "2315"]
[BlackElo "2290"]

1.e4 c5 2.Nf3 Nc6 3.Bb5 g6 4.O-O Bg7 5.c3 Nf6 6.Re1 O-O 7.d4 cxd4 8.cxd4 a6
9.Bf1 d5 10.e5 Ne8 11.Nc3 Nc7  1/2-1/2

[Event "JUG-chT (Women)"]
[Site "Becici"]
[Date "1993.??.??"]
[Round "?"]
[White "Sakotic, Jasna"]
[Black "Vujic Katanic, Branka"]
[Result "1-0"]
[WhiteElo "2200"]
[BlackElo "2185"]

1.e4 c5 2.Nf3 Nc6 3.Bb5 e6 4.Bxc6 bxc6 5.e5 f6 6.O-O Qc7 7.Re1 fxe5 8.Nxe5 Nf6
9.b3 Be7 10.Bb2 O-O 11.d4 d6 12.Nf3 cxd4 13.Nxd4 e5 14.Ne2 Ng4 15.Rf1 d5
16.Ba3 Bxa3 17.Nxa3 Qa5 18.Nb1 Qc5 19.Qe1 Qxc2 20.Nbc3 Qg6 21.Na4 h5 22.Rc1 h4
23.h3 Nf6 24.Kh2 Nd7 25.f3 Ba6 26.Rf2 Qd6 27.Kh1 Bb5 28.Nec3 Rf4 29.Rfc2 Bd3
30.Rd2 Ba6 31.Ne2 Rb4 32.Rdc2 Bb5 33.Nc5 a5 34.a4 Bxe2 35.Qxe2  1-0

[Event "JUG-chT2"]
[Site "Becici"]
[Date "1993.??.??"]
[Round "2"]
[White "Brkljaca, Ante"]
[Black "Kontic, Djordje"]
[Result "0-1"]
[WhiteElo "2375"]
[BlackElo "2400"]

1.e4 c5 2.Nf3 Nc6 3.Bb5 Nf6 4.Nc3 e5 5.Bxc6 dxc6 6.Nxe5 Nxe4 7.Qh5 Nd6 8.Ne4 g6
9.Qe2 Nxe4 10.Qxe4 Qd5 11.d3 Bf5 12.Qxd5 cxd5 13.Bf4 f6 14.Nf3 g5 15.Bg3 Rc8
16.O-O-O h5 17.h4 g4 18.Rhe1+ Kf7 19.Ng1 c4 20.Kb1 Bb4 21.Re2 c3 22.b3 a5
23.a4 b5 24.axb5 Rc5 25.b6 Rb5 26.Ree1 a4 27.Ne2 axb3 28.Nd4 Rxb6 29.Nxb3 Ra8
30.Bf4 Rba6 31.Be3 Ba3 32.Bc1 Bxc1 33.Rxc1 Ra2 34.Rcd1 Rb2+  0-1

[Event "Benasque op"]
[Site "Benasque"]
[Date "1993.??.??"]
[Round "5"]
[White "De la Riva Aguado, Oscar"]
[Black "Fernandez Lopez, Felix"]
[Result "1-0"]
[WhiteElo "2400"]
[BlackElo "2335"]

1.e4 c5 2.Nf3 Nc6 3.Bb5 a6 4.Bxc6 dxc6 5.b3 Nf6 6.Qe2 g6 7.Bb2 Bg7 8.O-O O-O
9.h3 a5 10.Nc3 b6 11.Rad1 Qc7 12.Na4 Nh5 13.Bxg7 Kxg7 14.Qe3 e5 15.c3 Rb8
16.d4 cxd4 17.cxd4 exd4 18.Nxd4 c5 19.Nb5 Qe5 20.Qc3 Qxc3 21.Nbxc3 Nf6 22.Rd6 Nd7
23.Rfd1 b5 24.Nb2 Rb7 25.Rc6 c4 26.bxc4 Ne5 27.Rc5 Nxc4 28.Nxc4 bxc4 29.Rxa5 Be6
30.f4 Rb2 31.f5 gxf5 32.exf5 Bc8 33.Rd4 Bb7 34.Rg4+ Kf6 35.Rb5 Rxb5 36.Nxb5 Ra8
37.Nc3 Rc8 38.Rh4 Kxf5 39.Rxh7 Kg6 40.Rh4 Rc5 41.Rf4 Bc8 42.Kf2 Be6 43.Ke3 Rg5
44.g4 f5 45.gxf5+ Bxf5 46.h4 Rg3+ 47.Kd4 Bd7 48.a3 Rh3 49.Kxc4 Kh5 50.Rf7 Be6+  1-0

[Event "Benidorm op"]
[Site "Benidorm"]
[Date "1993.??.??"]
[Round "3"]
[White "Sanz Alonso, Francisco Javier"]
[Black "Guimaraes, Jorge"]
[Result "1-0"]
[WhiteElo "2420"]
[BlackElo "2310"]

1.e4 c5 2.Nf3 Nc6 3.Bb5 Nf6 4.Nc3 Nd4 5.e5 Nxb5 6.Nxb5 Nd5 7.Qe2 Nc7 8.O-O Nxb5
9.Qxb5 e6 10.d4 a6 11.Qd3 d5 12.exd6 cxd4 13.Qxd4 Qxd6 14.Qg4 f6 15.Re1 Kf7
16.Qh5+ g6 17.Qh4 e5 18.Bd2 Bf5 19.g4 Qd5 20.gxf5 Qxf3 21.fxg6+ Kxg6 22.Re3 Qf5
23.Qc4 Bh6 24.Rg3+ Bg5 25.h4 Rad8 26.Bxg5  1-0

[Event "Berga op"]
[Site "Berga"]
[Date "1993.??.??"]
[Round "3"]
[White "Van Baarle, C John"]
[Black "Franco Ocampo, Zenon"]
[Result "0-1"]
[WhiteElo "2325"]
[BlackElo "2480"]

1.e4 c5 2.Nf3 Nc6 3.Bb5 e6 4.O-O Nge7 5.c3 a6 6.Ba4 b5 7.Bc2 Bb7 8.Re1 Rc8
9.d4 cxd4 10.Nxd4 Ng6 11.Nd2 Be7 12.N2f3 O-O 13.Nxc6 Bxc6 14.Be3 Qc7 15.Nd4 Bb7
16.Qe2 d5 17.exd5 Bxd5 18.a3 Nf4 19.Bxf4 Qxf4 20.g3 Qf6 21.Be4 Rfd8 22.Rad1 Bc5
23.Bxd5 Rxd5 24.Nb3 Re5 25.Qd2 Rxe1+ 26.Qxe1 Bb6 27.Rd6 Rb8 28.Qd2 g6 29.Nd4 Kg7
30.Qe3 Kg8 31.Qe4 a5 32.Kg2 Qe7 33.Qc6 b4 34.axb4 axb4 35.Rd7 Qe8 36.Rb7 Qxc6+  0-1

[Event "Berliner Sommer"]
[Site "Berlin"]
[Date "1993.??.??"]
[Round "?"]
[White "Siepelt, Heiner"]
[Black "Deev, Andrei"]
[Result "0-1"]
[WhiteElo "2320"]
[BlackElo "2430"]

1.e4 c5 2.Nf3 Nc6 3.Bb5 e6 4.b3 Nf6 5.e5 Nd5 6.Bb2 Be7 7.Bxc6 bxc6 8.O-O f6
9.c4 Nf4 10.d4 cxd4 11.Bxd4 c5 12.Bc3 Bb7 13.Nbd2 Qc7 14.Re1 Qc6 15.Ne4 f5
16.Nd6+ Bxd6 17.Qxd6 Qxd6 18.exd6 Bxf3 19.gxf3 Kf7 20.Rad1 Rhc8 21.Be5 g5
22.h4 h6 23.hxg5 hxg5 24.Bxf4 gxf4 25.Kf1 Rc6 26.Ke2 Kf6 27.Rd3 a5 28.Rh1 Ke5
29.Kd2 a4 30.Kc3 axb3 31.axb3 Ra2 32.Re1+ Kf6 33.Rh1 Rb6 34.Rh7 Rb7 35.Rh8 Rba7
36.Rc8 R7a5 37.Rc7 Rxf2 38.Rxd7 Raa2 39.Rd1 Rxf3+ 40.Rd3 Rff2  0-1

[Event "Berliner Sommer"]
[Site "Berlin"]
[Date "1993.??.??"]
[Round "?"]
[White "Ioseliani, Nana"]
[Black "Pachow, Joerg"]
[Result "1/2-1/2"]
[WhiteElo "2470"]
[BlackElo "2305"]

1.e4 c5 2.Nf3 Nc6 3.Bb5 g6 4.O-O Nf6 5.Re1 Bg7 6.c3 O-O 7.d4 cxd4 8.cxd4 d5
9.e5 Ne4 10.Nc3 a6 11.Bd3 Nxc3 12.bxc3 b5 13.Bg5 f6 14.exf6 exf6 15.Bf4 Na5
16.a4 Bd7 17.axb5 Bxb5 18.Bxb5 axb5 19.Qb1 Qd7 20.Qb4 Nc4 21.h3 Rxa1 22.Rxa1 g5
23.Bg3 h5 24.Qc5 Rf7 25.Rb1 g4 26.hxg4 hxg4 27.Nh4 Nd2 28.Rxb5 Qe6 29.f3 Qe2
30.Rb8+ Kh7 31.fxg4 Qd1+ 32.Kh2 Qxg4 33.Qxd5 Nf1+ 34.Kg1 Nxg3 35.Qxf7 Qxh4
36.Qg8+ Kg6 37.Qe8+ Kh7 38.Qe3 f5 39.Qf3 Kg6 40.Rb6+ Bf6 41.Re6 Ne4 42.g4  1/2-1/2

[Event "Berliner Sommer"]
[Site "Berlin"]
[Date "1993.??.??"]
[Round "?"]
[White "Zagrebelny, Sergey"]
[Black "Kleeschaetzky, Ralf"]
[Result "1/2-1/2"]
[WhiteElo "2535"]
[BlackElo "2305"]

1.e4 c5 2.Nf3 Nc6 3.Bb5 g6 4.Bxc6 dxc6 5.h3 Bg7 6.d3 e5 7.Be3 b6 8.a4 a5
9.O-O Ne7 10.Na3 O-O 11.Nc4 f6 12.c3 Be6 13.b3 g5 14.d4 cxd4 15.cxd4 b5 16.axb5 cxb5
17.Na3 g4 18.hxg4 Bxg4 19.dxe5 Qe8 20.e6 Rd8 21.Qe2 f5 22.e5 Bxe5 23.Bb6 Rd5
24.Rac1 Qh5 25.Qxe5 Rxe5 26.Nxe5 f4 27.Rc5 Rf5 28.Nxg4 Qxg4 29.f3 Qg5 30.Rfc1 Qf6
31.Nxb5 Qxe6 32.Rxf5 Nxf5 33.Bf2 Qxb3 34.Nd4 Nxd4 35.Bxd4 a4 36.Re1 a3 37.Re8+ Kf7
38.Re4 a2 39.Rxf4+ Ke6 40.Re4+ Kd5 41.Bg7 Qb7 42.Bc3 Qb1+ 43.Kh2 Qc1 44.Bh8  1/2-1/2

[Event "Berliner Sommer"]
[Site "Berlin"]
[Date "1993.??.??"]
[Round "?"]
[White "David, Adrian"]
[Black "Kalinitschew, Sergey"]
[Result "0-1"]
[WhiteElo "2305"]
[BlackElo "2480"]

1.e4 c5 2.Nf3 Nc6 3.Bb5 d6 4.O-O Bd7 5.Re1 a6 6.Bxc6 Bxc6 7.c3 e6 8.d4 d5
9.Ne5 cxd4 10.cxd4 Nf6 11.Nc3 Be7 12.Nxc6 bxc6 13.Qa4 Qd7 14.e5 Ng8 15.Be3 Bd8
16.Rac1 Ne7 17.a3 O-O 18.Na2 Qb7 19.Nb4 Qb5 20.Qc2 Ba5 21.Bd2 Qb6 22.Red1 Rfc8
23.Na2 Bxd2 24.Rxd2 Nf5 25.Qc5 Qb3 26.Nb4 h5 27.Qa5 Ne3 28.Rc3 Qxc3 29.bxc3 Nc4
30.Qc5 Nxd2 31.Nxc6 Ne4 32.Ne7+ Kh7 33.Qxc8 Rxc8 34.Nxc8 Nxc3 35.Nd6 Ne2+
36.Kf1 Nxd4 37.Nxf7 Kg6 38.Nd6 Nb5 39.Nb7 Kf5 40.a4 Nc7 41.Ke2 Kxe5 42.Kd3 g5
43.h3 h4 44.Kc3 Kf4 45.Kb4 e5 46.Ka5 d4 47.Nc5 e4 48.Kb6 d3 49.Nb3 e3 50.fxe3+ Kxe3
51.Kxc7 Kf2 52.Kb6 Kxg2  0-1

[Event "Berliner Sommer"]
[Site "Berlin"]
[Date "1993.??.??"]
[Round "3"]
[White "Golubev, Mihail"]
[Black "Rabiega, Robert"]
[Result "1-0"]
[WhiteElo "2500"]
[BlackElo "2455"]

1.e4 c5 2.Nf3 Nc6 3.Bb5 g6 4.O-O Bg7 5.Re1 Nf6 6.Bxc6 dxc6 7.d3 O-O 8.Nc3 Bg4
9.h3 Bxf3 10.Qxf3 Nd7 11.Nd1 Ne5 12.Qg3 c4 13.Bf4 Qa5 14.Ne3 Qc5 15.Rac1 cxd3
16.cxd3 Qb5 17.Nd5 cxd5 18.Bxe5 dxe4 19.Rxe4 f6 20.Bc3 e5 21.Rce1 Qd5 22.d4 f5
23.Rxe5 Bxe5 24.Rxe5 Qxa2 25.d5 Qc4 26.Re7 Rf7 27.Qe5 Kf8 28.d6  1-0

[Event "Bern op"]
[Site "Bern"]
[Date "1993.??.??"]
[Round "7"]
[White "Nemet, Ivan"]
[Black "Gloria, Eric"]
[Result "0-1"]
[WhiteElo "2415"]
[BlackElo "2275"]

1.e4 c5 2.Nf3 Nc6 3.Bb5 e6 4.O-O Nge7 5.Re1 a6 6.Bf1 d5 7.exd5 Nxd5 8.a4 Be7
9.Na3 O-O 10.Nc4 b6 11.c3 Bb7 12.d3 Qc7 13.Nfd2 Rad8 14.Qg4 e5 15.Nf3 f6
16.Nh4 Rfe8 17.Nf5 Bf8 18.Nfe3 Nf4 19.Qd1 Kh8 20.Qc2 Ne7 21.f3 Neg6 22.Ng4 Bc6
23.Nf2 Nh4 24.Nd2 Qf7 25.Nde4 Qg6 26.Ng3 Bxf3 27.Nfe4 Nfxg2 28.Bxg2 Bxg2
29.Qf2 Rxd3 30.Nd2 Red8 31.Re3 Bb7 32.c4 f5 33.Ra3 Rxa3 34.bxa3 f4 35.Rxe5 fxg3
36.Qxg3 Qc6 37.Ne4 Ng6 38.Re6 Qxe6 39.Ng5 Rd1+  0-1

[Event "Biel op"]
[Site "Biel"]
[Date "1993.??.??"]
[Round "3"]
[White "Wahls, Matthias"]
[Black "Bancod, Ronald"]
[Result "1-0"]
[WhiteElo "2480"]
[BlackElo "2465"]

1.e4 c5 2.Nf3 Nc6 3.Bb5 g6 4.Bxc6 bxc6 5.O-O Bg7 6.Re1 e5 7.c3 Qb6 8.Na3 Ba6
9.Qa4 Ne7 10.Nc4 Bxc4 11.Qxc4 O-O 12.d3 d6 13.Rb1 a5 14.Be3 Qb5 15.Qxb5 cxb5
16.a4 c4 17.axb5 cxd3 18.c4 f5 19.Nd2 f4 20.Bb6 Nc8 21.Bc7 Ra7 22.b6 Rb7
23.c5 dxc5 24.Nc4 Rf7 25.Ra1 Rd7 26.Rxa5 Rd4 27.b3 Bf8 28.f3 Bd6 29.Nxd6 Nxd6
30.Ra8+ Kf7 31.Ra7 Rxc7 32.Rxc7+ Ke6 33.Rd1 h5 34.Rxc5 g5 35.Rd5 Rb4 36.R1xd3 Rxb6
37.g3 Nb5 38.Rd8 Ra6 39.Rh8 Ra1+ 40.Kg2 g4 41.Rh6+ Ke7 42.gxf4 exf4 43.Rxh5 Ra2+
44.Kf1 Ra1+ 45.Ke2 Ra2+ 46.Ke1 Na3 47.Re5+ Kf6 48.Rf5+ Kg6 49.Rxf4  1-0

[Event "Biel op"]
[Site "Biel"]
[Date "1993.??.??"]
[Round "9"]
[White "Wahls, Matthias"]
[Black "Filipenko, Alexander V"]
[Result "1-0"]
[WhiteElo "2480"]
[BlackElo "2435"]

1.e4 c5 2.Nf3 Nc6 3.Bb5 e6 4.O-O Nge7 5.c3 a6 6.Ba4 b5 7.Bc2 Bb7 8.Re1 Ng6
9.d4 cxd4 10.cxd4 Bb4 11.Nc3 O-O 12.Bg5 f6 13.Bd2 Nce7 14.h4 f5 15.h5 Nh8
16.d5 Nf7 17.Bb3 Bc5 18.exf5 Nxf5 19.Ne4 Ba7 20.dxe6 dxe6 21.Bxe6 Nd6 22.Nxd6 Qxd6
23.Bc3 Qf4 24.Qd2 Qxd2 25.Nxd2 Kh8 26.Bb3 b4 27.Bxb4 Nd6 28.Re2 Rf6 29.Bc3 Rf5
30.h6 Nf7 31.Bxg7+ Kg8 32.Rae1 Bc6 33.Nf3 Bc5 34.Re5  1-0

[Event "Bled op (Women)"]
[Site "Bled"]
[Date "1993.??.??"]
[Round "?"]
[White "Misanovic, Vesna"]
[Black "Mihevc, Narcisa"]
[Result "1-0"]
[WhiteElo "2385"]
[BlackElo "2135"]

1.e4 c5 2.Nf3 Nc6 3.Bb5 d6 4.O-O Bd7 5.Re1 Nf6 6.Bxc6 Bxc6 7.d4 Bxe4 8.Bg5 Bd5
9.Nc3 Bxf3 10.Qxf3 cxd4 11.Bxf6 dxc3 12.Qxb7 Rb8 13.Qc6+ Qd7 14.Qxd7+ Kxd7
15.Bxc3 e6 16.Rad1 Rg8 17.Re4 d5 18.Rh4 h6 19.Ra4 Bc5 20.Be5 Rb4 21.Rxb4 Bxb4
22.c4 Bd6 23.Bc3 Kc6 24.cxd5+ exd5 25.Bd4 a6 26.Rc1+ Kd7 27.Kf1 f6 28.Ke2 Rc8
29.Rxc8 Kxc8 30.Ke3 Kd7 31.f4 Kc6 32.g4 Kb5 33.h4 Kc4 34.b3+ Kb4 35.Bb2 Bc5+
36.Kf3 Bd6 37.h5 Bc5 38.g5 fxg5 39.fxg5 hxg5 40.Bxg7 d4 41.Ke4 g4 42.Bxd4 Bf8
43.Kf4 Ka3 44.Kxg4 a5 45.Bc3 Kxa2 46.Bxa5 Kxb3 47.Kf5 Kc4 48.Kg6 Bc5 49.h6 Bd4
50.Bd8  1-0

[Event "Bonn GSK"]
[Site "Bonn"]
[Date "1993.??.??"]
[Round "?"]
[White "Glek, Igor V"]
[Black "Luetke, Jens"]
[Result "1/2-1/2"]
[WhiteElo "2545"]
[BlackElo "2335"]

1.e4 c5 2.Nf3 Nc6 3.Bb5 d6 4.O-O Bd7 5.Re1 Nf6 6.c3 a6 7.Bf1 Bg4 8.d3 e6
9.Nbd2 Be7 10.a3 O-O 11.h3 Bh5 12.b4 d5 13.Bb2 Re8 14.g4 Bg6 15.Nh4 Qc7 16.Nxg6 hxg6
17.bxc5 Bxc5 18.d4 Ba7 19.e5 Nd7 20.f4 g5 21.Kh1 gxf4 22.g5 Ncxe5 23.dxe5 Qb6
24.Bd3 Qxb2 25.Rb1 Qxc3 26.Rb3 Qc7 27.Qh5 Nf8 28.Nf3 b5 29.Nh2 Qa5 30.Rbb1 Qxa3
31.Rbd1 Rac8 32.Rf1 Rc3 33.Rxf4 g6 34.Qf3 Rec8 35.Ng4 Rxd3 36.Qxd3 Rc3 37.Nf6+ Kg7
38.Ne8+ Kg8 39.Nf6+ Kg7 40.Ne8+ Kg8 41.Nf6+  1/2-1/2

[Event "Bratislava op"]
[Site "Bratislava"]
[Date "1993.??.??"]
[Round "6"]
[White "Andrienko, Anatoly"]
[Black "Sorokin, Maxim"]
[Result "1/2-1/2"]
[WhiteElo "2285"]
[BlackElo "2515"]

1.e4 c5 2.Nf3 Nc6 3.Bb5 e6 4.Bxc6 bxc6 5.O-O Ne7 6.b3 Ng6 7.Bb2 f6 8.Ne1 d5
9.Nc3 Bd6 10.Nf3 O-O 11.Re1 e5 12.d3 Bg4 13.h3 Be6 14.Ne2 a5 15.a4 Ra7 16.Ng3 Raf7
17.Bc1 Qc8 18.Bd2 Bc7 19.Qe2 Bd7 20.c4 d4 21.Rad1 Bd8 22.Nh2 f5 23.Nxf5 Bxf5
24.exf5 Rxf5 25.Rf1 Bh4 26.g3 Bd8 27.Qg4 Qb7 28.h4 Qxb3 29.h5 Ne7 30.Bh6 R5f7
31.Nf3 Nf5 32.Nxe5 Nxh6 33.Qe6 Qb7 34.Rfe1 Qe7 35.Nxf7 Qxf7 36.Qxf7+ Kxf7
37.Rb1 Kf6 38.Rb7 Rf7 39.Rb8 Re7 40.Kf1 Nf7 41.Rxe7 Kxe7 42.Rb7+ Ke6 43.f4 g5
44.hxg6 hxg6 45.Ke2 g5 46.Kf3 gxf4 47.gxf4 Nd6 48.Rg7 Be7 49.Rg8 Kd7 50.Rg6 Nc8
51.f5 Bf8 52.Ke4 Nb6 53.Ke5 Nxa4 54.f6 Nb2 55.Rg7+ Ke8 56.Ke6 Nxd3 57.f7+ Kd8
58.Rg8 Nf4+ 59.Kf6 Nh5+ 60.Ke6  1/2-1/2

[Event "Wch U18"]
[Site "Bratislava"]
[Date "1993.??.??"]
[Round "7"]
[White "Dzhumaev, Murat"]
[Black "Sammalvuo, Tapani"]
[Result "1-0"]
[WhiteElo "2355"]
[BlackElo "2280"]

1.e4 c5 2.Nf3 Nc6 3.Bb5 e6 4.c3 Nge7 5.O-O a6 6.Ba4 c4 7.Bc2 d5 8.b3 cxb3
9.axb3 Ng6 10.d4 dxe4 11.Bxe4 Bd6 12.c4 O-O 13.Nc3 Bd7 14.Bb2 Rb8 15.Bb1 Bb4
16.d5 exd5 17.cxd5 Bxc3 18.Bxc3 Nce7 19.h4 f6 20.d6 Nc8 21.h5 Nf4 22.Qc2 g6
23.hxg6 Nxg6 24.Rd1 Rf7 25.b4 Rf8 26.Nh4  1-0

[Event "Wch U16"]
[Site "Bratislava"]
[Date "1993.??.??"]
[Round "8"]
[White "Krakops, Maris"]
[Black "Stojanovic, Mihajlo"]
[Result "1-0"]
[WhiteElo "2295"]
[BlackElo "2325"]

1.e4 c5 2.Nf3 Nc6 3.Bb5 e6 4.O-O Nge7 5.b3 a6 6.Bxc6 Nxc6 7.Bb2 d6 8.d4 cxd4
9.Nxd4 Bd7 10.c4 Be7 11.Nc3 O-O 12.Nxc6 Bxc6 13.Qg4 Bf6 14.Rad1 Qa5 15.Rd3 Rfd8
16.Rfd1 b5 17.Nd5 Bxb2 18.Ne7+ Kf8 19.Nxc6 Qxa2 20.Nxd8 Rxd8 21.c5  1-0

[Event "Brno-B"]
[Site "Brno"]
[Date "1993.??.??"]
[Round "1"]
[White "Bezold, Michael"]
[Black "Horvath, Gyula"]
[Result "1/2-1/2"]
[WhiteElo "2490"]
[BlackElo "2450"]

1.e4 c5 2.Nf3 Nc6 3.Bb5 g6 4.Bxc6 dxc6 5.d3 Bg7 6.h3 b6 7.Nc3 e5 8.Be3 Ne7
9.Qd2 h6 10.Nh2 Be6 11.O-O-O Qd7 12.f4 exf4 13.Bxf4 g5 14.Bg3 f5 15.exf5 Nxf5
16.Rhe1 O-O-O 17.Be5 Nd4 18.Kb1 Rhe8 19.Bxg7 Qxg7 20.Nf1 c4  1/2-1/2

[Event "Bucharest"]
[Site "Bucharest"]
[Date "1993.??.??"]
[Round "?"]
[White "Hauchard, Arnaud"]
[Black "Moldovan, Daniel"]
[Result "1/2-1/2"]
[WhiteElo "2450"]
[BlackElo "2435"]

1.e4 c5 2.Nf3 Nc6 3.Bb5 g6 4.O-O Bg7 5.Re1 Nf6 6.c3 O-O 7.Na3 a6 8.Bf1 d5
9.e5 Ne8 10.h3 d4 11.d3 Nc7 12.Nc2 Ne6 13.Qe2 f5 14.exf6 exf6 15.cxd4 cxd4
16.b3 f5 17.Bb2 Bd7 18.Qd2 Re8 19.Re2 Qc7 20.Rae1 Qd6 21.g3 Nc7 22.Bg2 Rxe2
23.Rxe2 Re8 24.Rxe8+ Bxe8 25.Qe1 Bf7 26.Ba3 Qd7 27.Bc5 Bd5 28.Nb4 Nxb4 29.Qxb4 Ne6
30.Qb6 Bc6 31.Ba3 Nc7 32.Bb2 Ne6 33.h4 Qd5 34.h5 Qc5 35.Qxc5 Nxc5 36.Bxd4 Nxd3
37.Bxg7 Kxg7 38.hxg6 hxg6 39.Nd2 Bxg2 40.Kxg2  1/2-1/2

[Event "Bucharest"]
[Site "Bucharest"]
[Date "1993.??.??"]
[Round "?"]
[White "Zaitsev, Igor A"]
[Black "Gagarin, Vasilij"]
[Result "1/2-1/2"]
[WhiteElo "2450"]
[BlackElo "2450"]

1.e4 c5 2.Nf3 Nc6 3.Bb5 g6 4.O-O Bg7 5.c3 Nf6 6.Re1 O-O 7.d4 d5 8.Bxc6 bxc6
9.exd5 cxd5 10.dxc5 Qc7 11.Na3 Qxc5 12.Be3 Qc7 13.Bd4 Re8 14.h3 Qb7 15.Re2 Bf5
16.Be5 Rad8 17.Nd4 Bc8 18.Qa4 Qb6 19.Nab5 a6 20.Na3 Bb7 21.Qb3 Qa7 22.Rae1 Ne4
23.Bxg7 Kxg7 24.Qa4 e5 25.Nf3 f6 26.Qa5  1/2-1/2

[Event "Bucharest"]
[Site "Bucharest"]
[Date "1993.??.??"]
[Round "?"]
[White "Zaitsev, Igor A"]
[Black "Apicella, Manuel"]
[Result "1-0"]
[WhiteElo "2450"]
[BlackElo "2495"]

1.e4 c5 2.Nf3 Nc6 3.Bb5 g6 4.O-O Bg7 5.c3 Qb6 6.Na3 a6 7.Ba4 Qc7 8.d4 b5
9.Bb3 d6 10.Be3 c4 11.Bc2 e5 12.b3 cxb3 13.axb3 Rb8 14.d5 Nce7 15.c4 b4 16.Nb1 f5
17.c5 f4 18.cxd6 Qxd6 19.Bc1 Nh6 20.Nbd2 Nf7 21.Nc4 Qc5 22.Bb2 O-O 23.Nfxe5 Nxe5
24.Nxe5 f3 25.Bd4 Qd6 26.Nxf3 Bg4 27.Bxg7 Bxf3 28.Qd4  1-0